| 000 | 00533nam a2200181 a 4500 | ||
|---|---|---|---|
| 005 | 20240614063659.0 | ||
| 008 | 991125s1975 fr 000 0 eng u | ||
| 035 | _aUPN01000006068 | ||
| 049 | _aCG | ||
| 050 | 4 |
_aPE1121 _bB7.7 |
|
| 245 | 0 | 0 |
_aBritish short stories / _cselec. and ad. Irene Rodgers. |
| 260 |
_aParís : _bHachette, _c1975. |
||
| 300 |
_a62 p. : _bil. |
||
| 440 | 0 |
_aFacts and fiction in easy english. _pSecond grade |
|
| 650 | 4 |
_aInglés _xEstudio y enseñanza _918 |
|
| 700 | 1 |
_aRodgers, Irene, _ecomp. |
|
| 905 | _aLibro | ||
| 999 |
_c6068 _d6068 |
||